|
|
|
|
| LEADER |
00000nam0a2200000 4500 |
| 001 |
297091 |
| 005 |
20231101003126.0 |
| 020 |
|
|
|a RU
|b 84-47254
|
| 035 |
|
|
|a (RuTPU)RU\TPU\book\322211
|
| 090 |
|
|
|a 297091
|
| 100 |
|
|
|a 20150605d1984 m y0rusy5003 ca
|
| 101 |
0 |
|
|a rus
|
| 102 |
|
|
|a RU
|
| 105 |
|
|
|a y j 000zy
|
| 200 |
1 |
|
|a Организация управления общественным производством
|e учебник для экономических специальностей ун-тов
|f под ред. Г. Х. Попова, Ю. И. Краснопояса
|
| 205 |
|
|
|a 2-е изд., доп. и перераб.
|
| 210 |
|
|
|a Москва
|c Изд-во МГУ
|d 1984
|
| 215 |
|
|
|a 256 с.
|
| 300 |
|
|
|a Авт. указаны на 4-й с.
|
| 606 |
1 |
|
|a Организация управления
|x Социально-психологические проблемы
|2 stltpush
|3 (RuTPU)RU\TPU\subj\47301
|
| 610 |
1 |
|
|a учебники
|
| 610 |
1 |
|
|a общественное производство
|
| 610 |
1 |
|
|a плановое управление
|
| 610 |
1 |
|
|a методы
|
| 610 |
1 |
|
|a теория
|
| 610 |
1 |
|
|a социалистическое производство
|
| 610 |
1 |
|
|a принципы
|
| 610 |
1 |
|
|a функции
|
| 610 |
1 |
|
|a цели
|
| 610 |
1 |
|
|a структура
|
| 610 |
1 |
|
|a эффективность
|
| 610 |
1 |
|
|a плановое управление
|
| 675 |
|
|
|a 658.012(075.8)
|v 3
|
| 702 |
|
1 |
|a Попов
|b Г. Х.
|g Гавриил Харитонович
|4 340
|
| 702 |
|
1 |
|a Краснопояс
|b Ю. И.
|4 340
|
| 801 |
|
0 |
|a RU
|b RuMRKP
|c 19950704
|g psbo
|
| 801 |
|
1 |
|a RU
|b 63413507
|c 20150605
|
| 801 |
|
2 |
|a RU
|b 63413507
|c 20190118
|g RCR
|
| 942 |
|
|
|c BK
|